| 000 | 01123nam a22003017a 4500 | ||
|---|---|---|---|
| 003 | CHAP | ||
| 005 | 20220329135402.0 | ||
| 008 | 971013s1976 r 00010 d | ||
| 010 | _a35444 | ||
| 011 | _a36416 | ||
| 035 | _a40535 | ||
| 040 | _cCHAP | ||
| 090 | _aTesis | ||
| 100 | 0 | 0 |
_aPagaza Millán, Agustín Javier. _984704 |
| 245 | _aContribución al estudio de la incidencia, distribución y repercusiones económicas causadas por (Cisticercus bovis) en bovinos sacrificados en el rastro municipal de Naucalpan de Juárez, Estado de México | ||
| 260 |
_aMéxico, D.F. : _bEl autor, _c1976 |
||
| 300 |
_a32 h. _b: gráfs. |
||
| 502 | _aTesis (Médico Veterinario Zootecnista) -- UNAM. Fac. de Medicina Veterinaria y Zootecnia | ||
| 590 |
_aALEPH _b10 _c20130110 _lUCH01 _h1301 |
||
| 590 |
_aBATCH-UPD _b10 _c20130110 _lUCH01 _h2241 |
||
| 590 |
_aBATCH-UPD _b10 _c20130410 _lUCH01 _h1535 |
||
| 590 |
_aBATCH-UPD _b10 _c20130914 _lUCH01 _h1134 |
||
| 590 |
_aCONVERSION _b10 _c20130109 _lUCH01 _h1320 |
||
| 650 | 1 | 4 |
_aCysticercus bovis. _930815 |
| 901 | _aBK | ||
| 942 | _cTESIS | ||
| 949 |
_bBC _cTES _d-92596 _eTS1 _i40535 _si |
||
| 999 |
_c35444 _d35444 |
||